Statistics for The Three Musketeers Franchise

Click here to take the quiz!

General Stats

  • This quiz has been taken 4 times
  • The average score is 45 of 151

Answer Stats

Type Year Name Info % Correct
Novel1844The Three MusketeersAlexandre Dumas
100%
Short Film1911The Three Musketeers: Part 1General Film Company
100%
Short Film1911The Three Musketeers: Part 2General Film Company
100%
TV Show1987-1989The Three Musketeers AnimeNHK
100%
Musical20033 MusketiersRob Bolland / Ferdi Bolland / Paul Bogaev
75%
Film2001The MusketeerUniversal / Miramax Films
75%
Board Game1969Three MusketeersHaar Hoolim
75%
Candy Bar1932-Present3 MusketeersMars
75%
Novel1845Twenty Years AfterAlexandre Dumas
25%
TV Mini-Series2005The 4 MusketeersTF1
25%
Film1998The Face of Alexandre Dumas: The Man in the Iron MaskMonterey Video
25%
TV Show2014-2016The MusketeersBBC One
25%
Film1934The Four MusketeersTerra Film
25%
Film1923The Man in the Iron MaskTerra Film
25%
Film1935The Law of the 45'sFirst Division Pictures
0%
Comic Series1956-1960The Three MouseketeersDC Comics
0%
Film1974The Four Charlots MusketeersAMLF / Constantin Film
0%
Film1972Three Musketeers in BootsToei Company
0%
Film1967The King with My FaceShaw Brothers
0%
Film1963Zoro and the Three MusketeersJonia Film
0%
Film1962The Secret Mark of D'ArtagnanEIA / Rank
0%
Film1962Le Masque de ferGaumont
0%
Film1957Three and a Half MusketeersDiana Films
0%
Film1952Milady and the MusketeersComptoir Français du Film
0%
Film1953Blades of the MusketeersHal Roach Studios
0%
Film1979The Fifth MusketeerColumbia
0%
Film1952At Sword's PointRKO Pictures
0%
Film1952Lady in the Iron Mask20th Century Fox
0%
Short Film1952The Two MouseketeersMGM
0%
Film1943Riders of the Rio GrandeRepublic Pictures
0%
Film1943Santa Fe ScoutsRepublic Pictures
0%
Film1943The Blocked TrailRepublic Pictures
0%
Film1943Thundering TrailsRepublic Pictures
0%
Film1942Valley of Hunted MenRepublic Pictures
0%
Film1978D'Artagnan and Three MusketeersGosteleradio / Odessa Film Studios
0%
Film1981Dog in BootsArtkino Pictures
0%
Film1942The Phantom PlainsmenRepublic Pictures
0%
Film1917A Modern MusketeerArtcraft Pictures
0%
Video Game2009The Three Musketeers: One for All!Legendo Entertainment
0%
Film2009The Return of the Musketeers, or The Treasures of Cardinal MazarinNew One Production
0%
Film2009Barbie and the Three MusketeersUniversal
0%
TV Show2005Young BladesPAX TV
0%
Novel1847-1850The Vicomte of Bragelonne: Ten Years LaterAlexandre Dumas
0%
TV Film2004La Femme MusketeerHallmark Channel
0%
Film2004Mickey, Donald, Goofy: The Three MusketeersDisney
0%
Short Documentary1909The Iron MaskItalia Film / Empire Film Company
0%
Film1913Les Trois Mousquetaires????
0%
Video Game1995Touché: The Adventures of the Fifth MusketeerCentreGold / U.S. Gold
0%
TV Show1981-1982Dogtanian and the Three MusketeersTVE / MBS
0%
TV Show1994Albert the Fifth MusketeerCBBC / Canal+
0%
Film1994Revenge of the MusketeersBac Films / Miramax
0%
Film1993The Secret of Queen Anne or Musketeers Thirty Years After????
0%
Film1992Musketeers Twenty Years AfterOdessa Film Studio
0%
TV Film1992Ring of the MusketeersRTL
0%
Film1991The Three MuscatelsParamount
0%
TV Show1989The Return of DogtanianTVE / MBS
0%
Film1989The Return of the MusketeersEntertainment Film Distributors / Universal
0%
Film1922The Three Must-Get-TheresUnited Artists
0%
Film1942Shadows on the SageRepublic Pictures
0%
Film1942Westward HoRepublic Pictures
0%
Film1935Powdersmoke RangeRKO Radio Pictures
0%
Film1937The Trigger TrioRepublic Pictures
0%
Film1938Overland Stage RaidersRepublic Pictures
0%
Film1938Pals of the SaddleRepublic Pictures
0%
Film1938Heroes of the HillsRepublic Pictures
0%
Film1938Riders of the Black HillsRepublic Pictures
0%
Film1938Outlaws of SonoraRepublic Pictures
0%
Film1938Call the MesquiteersRepublic Pictures
0%
Film1938The Purple VigilantesRepublic Pictures
0%
Film1937Wild Horse RodeoRepublic Pictures
0%
Film1937Heart of the RockiesRepublic Pictures
0%
Film1938Red River RangeRepublic Pictures
0%
Film1937Range DefendersRepublic Pictures
0%
Film1937Come On, CowboysRepublic Pictures
0%
Film1937Gunsmoke RanchRepublic Pictures
0%
Film1937Hit the SaddleRepublic Pictures
0%
Film1937Riders of the Whistling SkullRepublic Pictures
0%
Film1936Roarin' LeadRepublic Pictures
0%
Film1936Ghost-Town GoldRepublic Pictures
0%
Film1936The Three MesquiteersRepublic Pictures
0%
Short Film1936Three Blind MouseketeersUnited Artists
0%
Film1938Santa Fe StampedeRepublic Pictures
0%
Film1939The Night RidersRepublic Pictures
0%
Film1942Raiders of the RangeRepublic Pictures
0%
Film1940The Trail BlazersRepublic Pictures
0%
Film1942Code of the OutlawRepublic Pictures
0%
Film1941West of CimarronRepublic Pictures
0%
Film1941Gauchos of El DoradoRepublic Pictures
0%
Film1941Outlaws of Cherokee TrailRepublic Pictures
0%
Film1941SaddlematesRepublic Pictures
0%
Film1941Pals of the PecosRepublic Pictures
0%
Film1941Prairie PioneersRepublic Pictures
0%
Film1940Uthama PuthiranModern Theatres
0%
Film1940Lone Star RaidersRepublic Pictures
0%
Film1940Under Texas SkiesRepublic Pictures
0%
Film1939Three Texas SteersRepublic Pictures
0%
Film1940Oklahoma RenegadesRepublic Pictures
0%
Film1940Rocky Mountain RangersRepublic Pictures
0%
Film1940Covered Wagon DaysRepublic Pictures
0%
Film1940Pioneers of the WestRepublic Pictures
0%
Film1940Heroes of the SaddleRepublic Pictures
0%
Film1939Cowboys from TexasRepublic Pictures
0%
Film1939The Kansas TerrorsRepublic Pictures
0%
Film1939New FrontierRepublic Pictures
0%
Film1939Wyoming OutlawRepublic Pictures
0%
Film1941Gangs of SonoraRepublic Pictures
0%

Score Distribution

Percentile by Number Answered

Percent of People with Each Score

Your Score History

You have not taken this quiz